| 000 | 00364nam a22001097a 4500 | ||
|---|---|---|---|
| 082 |
_a348.5491046 _bPAK |
||
| 245 |
_aPakistan Annual Law Digest 2020: _bdigest cases reported in law journals published in Pakistan / _cEdited by Wahaj Azhar and Kashif Mir |
||
| 260 |
_aLahore : _bP.L.D Publishers, _c2020. |
||
| 300 | _avolumes | ||
| 563 | _aH.B. | ||
| 942 |
_2ddc _cCR _s1 |
||
| 999 |
_c593021 _d593021 |
||